Statystyki dla Flagi państw europejskich w 1939

Kliknij tutaj aby rozwiązać quiz!

Ogólne statystyki

  • Ten quiz został rozwiązany 413 razy
  • Średni wynik to 23 z 27

Statystyki odpowiedzi

Odpowiedź% Poprawnych
Francja
99%
Wielka brytania
99%
Holandia
98%
Belgia
96%
Hiszpania
93%
Portugalia
93%
Szwajcaria
93%
Albania
92%
Włochy
92%
Luksemburg
91%
Niemcy
90%
Rumunia
89%
Bułgaria
87%
Węgry
87%
Estonia
83%
Polska
83%
Finlandia
82%
Litwa
82%
Łotwa
82%
Dania
81%
Norwegia
81%
Szwecja
81%
Turcja
81%
Jugosławia
78%
Grecja
75%
Rosja
58%
Słowacja
37%

Rozkład punktacji

Percentyl według liczby udzielonych odpowiedzi

Procent ludzi z każdym wynikiem

Twoja historia wyników

Nie rozwiązałeś tego quizu